000 00401nam a2200145 4500
001 109359
003 ES-MaACL
005 20230906184828.0
007 t|
008 061121s1972 sp r ||||1| por d
245 0 0 _aMissionarios do Verbo Divino na Nova Guiné.
260 _aEstella (Navarra) :
_bVerbo Divino,
_c1972.
300 _a16 p., 4 lám. ;
_c28 cm.
852 _aES-MaACL
_jC-43974
_bR.84047
999 _c109359
_d109359